000 00314nam a22001337a 4500
008 170228b xxu||||| |||| 00| 0 eng d
020 _a0721633129
041 _aeng
080 _a616.8-006
100 _a6
101 _aSHM
245 _aTUMORS AND TUMOR-LIKE LESIONS OF THE LUNG
_cPATCHEFSKY, C
942 _2udc
_cBK
999 _c6419
_d6419